Švédsko. Atlas ekonoma.
Základné údaje. Politická a hospodárska situácia. Mena. Štátne financie. Verejná zadlženosť. Zahraničný obchod. Obchodné styky bývalého Československa so Švédskom.
Saved in:
| Main Author: | |
|---|---|
| Format: | Book Chapter |
| Language: | Czech |
| Subjects: | |
| Tags: |
No Tags, Be the first to tag this record!
|
MARC
| LEADER | 00000naa a2200000 4500 | ||
|---|---|---|---|
| 001 | r010978 | ||
| 005 | 20220826094715.8 | ||
| 041 | 0 | |a cze | |
| 044 | |a [CS] | ||
| 245 | 1 | 0 | |a Švédsko. |b Atlas ekonoma. |c J. Hájek |
| 520 | |a Základné údaje. Politická a hospodárska situácia. Mena. Štátne financie. Verejná zadlženosť. Zahraničný obchod. Obchodné styky bývalého Československa so Švédskom. | ||
| 610 | 2 | 0 | |a Švédsko |
| 610 | 2 | 0 | |a hospodárstvo národné |
| 610 | 2 | 0 | |a politika hospodárska |
| 610 | 2 | 0 | |a mena |
| 610 | 2 | 0 | |a obchod zahraničný |
| 610 | 2 | 0 | |a ČSFR |
| 100 | 1 | |a Hájek, J. | |